| 000 | 00517nam a2200145Ia 4500 | ||
|---|---|---|---|
| 003 | GCL | ||
| 008 | 140319s9999 xx 000 0 ara d | ||
| 040 |
_aGCL / _cGCL |
||
| 082 | 0 | 4 |
_a414.3 _bع ك |
| 100 | 1 | _aعبسى على العاكوب | |
| 245 | 1 | 0 |
_aالكافى فى علوم البلاغة العربية المعانى - البيان - البديع / _cعبسى على العاكوب |
| 700 | 1 | _aعلى سعد الشتيوى | |
| 300 | _a2 جزء | ||
| 490 |
_aمنشورات الجامعة المفتوحة _v0 |
||
| 999 |
_c43358 _d43358 |
||